| 000 | 00000nam##2200000za#4500 |
| 001 | 9.607809 |
| 003 | CaOODSP |
| 005 | 20240612102647 |
| 007 | cr ||||||||||| |
| 008 | 150406|2005||||xxc|||||o f|0| 0 fre|d |
| 040 | |aCaOODSP|bfre |
| 043 | |an-cn--- |
| 086 | 1 |aRv55-5/11-4-20-2005F-PDF |
| 110 | 2 |aAgence des services frontaliers du Canada. |
| 245 | 10|aProcédures pour les vérifications de l'origine dans le cadre d'un accord de libre-échange |h[ressource électronique] |
| 260 | |aOttawa - Ontario : |bAgence des services frontaliers du Canada |
| 300 | |a22p. |
| 490 | 1 |aMémorandums D des douanes. D11, Renseignements généraux sur le tarif |vD11-4-20, le 29 juin 2005 |
| 500 | |aCeci annule les mémorandums « D » – D11-4-20, le 14 mai 1999. |
| 590 | |a14-17-Supp|b2014-10-09 |
| 775 | 08|tProcedures for verifications of origin under a free trade agreement |w(CaOODSP)9.580872 |
| 776 | 0#|tProcedures for verifications of origin under a free trade agreement |w(CaOODSP)9.540082 |
| 776 | 0#|tProcédures pour les vérifications de l'origine dans le cadre d'un accord de libre-échange |w(CaOODSP)9.540083 |
| 830 | #0|aMémorandums D des douanes. D11, Renseignements généraux sur le tarif ;|vD11-4-20, le 29 juin 2005|w(CaOODSP)9.816826 |
| 856 | 40|ahttp://publications.gc.ca|qPDF|s327 Ko|uhttps://publications.gc.ca/collections/collection_2014/asfc-cbsa/Rv55-5-11-4-20-2005-fra.pdf|yD11-4-20, le 29 juin 2005 |